Ultimate Border Challenge: 'M' Quiz Stats

 Plays Quiz Updated Feb 13, 2019

Challenge
Share
Tweet
Embed
Score 0/42 Timer 04:00
15 Plays Today
% Correct
United States
96.5%
China
95.4%
China
95.4%
Russia
92.7%
France
92.6%
Algeria
89.3%
Algeria
89.3%
Algeria
89.3%
Serbia
87.9%
Thailand
86.1%
Thailand
86.1%
Indonesia
84.1%
Albania
82.8%
South Africa
82.6%
Guatemala
82.3%
Belize
80.7%
Croatia
80.6%
Romania
80.3%
Niger
80.2%
India
79.8%
Kosovo
78.5%
% Correct
Bosnia and Herzegovina
77.9%
Ukraine
76.2%
Zimbabwe
75.4%
Mali
75.3%
Mauritania
75.2%
Laos
75.1%
Tanzania
74.3%
Tanzania
74.3%
Zambia
72.8%
Zambia
72.8%
Bangladesh
69.7%
Senegal
65.8%
Senegal
65.8%
Mozambique
64.3%
Brunei
62.6%
Burkina Faso
62.3%
Malawi
60.8%
Spain
60.6%
eSwatini
56.2%
Guinea
55.3%
Côte d'Ivoire
50.9%

You're not logged in!

Compare scores with friends on all Sporcle quizzes.
OR
Log In

You Might Also Like...

Show Comments

Extras

Top Quizzes Today


Score Distribution

Your Account Isn't Verified!

In order to create a playlist on Sporcle, you need to verify the email address you used during registration. Go to your Sporcle Settings to finish the process.

Report this User

Report this user for behavior that violates our Community Guidelines.

Details: